000 00308nam a2200133Ia 4500
100 _aMillman/J/ Halkias/C.C
942 _cBK
654 _aelectronic
245 _aElectronic devices and circuits
260 _bMc Graw Hill
_aAuckland
_c1986
082 _a621.381
_bMILL
300 _a752
546 _aENGLISH
999 _c22848
_d22848